000 00329nam a2200133Ia 4500
008 240624s9999 xx 000 0 und d
041 _aeng
082 _a332 JAC
100 _aJACKEL PETER
245 _aMONTE CARLO METHODS IN FINANCE
260 _c2002
_aEngland
_bJohn Wiley and sons
300 _axv,222p. ; 25cm.
365 _c
999 _c20703
_d20703